| 000 | 00584nam a22002297a 4500 | ||
|---|---|---|---|
| 003 | IT-MiCISF | ||
| 005 | 20230202124521.0 | ||
| 008 | 230202b |||||||| |||| 00| 0 eng d | ||
| 040 | _cIT-MiCISF | ||
| 041 | _aitaliano | ||
| 100 |
_aAllodi Leonardo _959323 |
||
| 245 | _aUsa: la rivoluzione sessuale prevista da Sorokin | ||
| 250 | _a"Studi cattolici | ||
| 260 | _c2021 | ||
| 300 | _app. 8-13 | ||
| 310 | _amensile | ||
| 362 | _an. 729, novembre | ||
| 500 | _asessualità, sociologia, storia | ||
| 650 |
_asessualità _956091 |
||
| 654 | _aarticolo | ||
| 942 |
_2ddc _cCR |
||
| 999 |
_c359599 _d359599 |
||